[Event "Champagne Ardenne op 5th"]
[Site "Champagne Ardenne"]
[Date "2009.05.02"]
[Round "5"]
[White "Hanot, Wilfried"]
[Black "Micottis, Dorian"]
[Result "1-0"]
[WhiteElo "1892"]
[BlackElo "1099"]
[PlyCount "71"]
[EventDate "2009.05.01"]
[EventType "swiss"]
[EventRounds "7"]
[EventCountry "FRA"]
[SourceTitle "EXT 2010"]
[Source "ChessBase"]
[SourceDate "2010.11.25"]
[SourceVersion "1"]
[SourceVersionDate "2010.11.25"]
[SourceQuality "1"]

1. d4 Nf6 2. c4 g6 3. Nc3 d5 4. cxd5 Nxd5 5. e4 Nxc3 6. bxc3 Bg7 7. Nf3 c5 8. Be3 0-0 9. Be2 Nc6 10. 0-0 Bg4 11. d5 Ne5 12. Nxe5 Bxe2 13. Nxf7 Bxd1 14. Nxd8 Bxc3 15. Raxd1 Rfxd8 16. Bxc5 Bf6 17. Rfe1 b6 18. Be3 Rac8 19. Re2 Rc4 20. f3 Rdc8 21. g3 Rc2 22. Rxc2 Rxc2 23. Rd2 Rc3 24. Kf2 Kf7 25. f4 Ke8 26. e5 Bg7 27. Ke2 Kd7 28. Bf2 h5 29. Kf1 Ra3 30. Kg2 b5 31. Bc5 Ra4 32. a3 a5 33. d6 exd6 34. Rxd6+ Ke8 35. Rxg6 Bf8 36. Rg8 1-0